| 000 | 00000nam##2200000za#4500 |
| 001 | 9.587648 |
| 003 | CaOODSP |
| 005 | 20210624194732 |
| 007 | cr ||||||||||| |
| 008 | 150406|2008||||xxc|||||o f|0| 0 fre|d |
| 022 | |a1701-1280 |
| 040 | |aCaOODSP|bfre |
| 041 | |aeng |
| 041 | |afre |
| 043 | |an-cn--- |
| 086 | 1 |aFs70-4/2008-023-PDF |
| 110 | 1 |aCanada. |bMinistère des pêches et des océans. |
| 245 | 10|aCompte rendu des ateliers sur l'élaboration du cadre de suivi écologique de la future zone de protection marine Manicouagan, Québec : |h[ressource électronique]|ble 15 décembre 2006, le 24 janvier 2007, le 7 mars 2007, Mont-Joli / |c[édité par] Susanne Mark ... [et al.]. |
| 260 | |aOttawa - Ontario : |bPêches et Océans Canada |cOctobre 2008. |
| 300 | |a112p.|bfigures en couleur, cartes en couleur, graphiques, références, tableaux |
| 490 | 1 |aSecrétariat canadien de consultation scientifique, série des comptes rendus|x1701-1280|v2008/023 |
| 590 | |a11-31-Supp|b2011-12-13 |
| 720 | 1 |aMark, S. |
| 791 | |tProceedings of the workshops held for preparing the ecological monitoring framework of the future Manicouagan marine protected area, Quebec : |eeng|w(CaOODSP)9.587647 |
| 830 | #0|aCompte rendu (Secrétariat canadien de consultation scientifique)|x1701-1280|v2008/023|w(CaOODSP)9.500508 |
| 856 | 40|ahttp://publications.gc.ca|qPDF|s1.24 Mo|uhttps://publications.gc.ca/collections/collection_2011/mpo-dfo/Fs70-4-2008-023.pdf|y2008/023 |